<?xml version="1.0" encoding="UTF-8"?>
<collection xmlns="http://www.loc.gov/MARC21/slim">
    <record>
        <controlfield tag="001">71181</controlfield>
        <controlfield tag="005">20180816143333.0</controlfield>
        <datafield tag="024" ind1="7" ind2=" ">
            <subfield code="2">doi</subfield>
            <subfield code="a">10.1016/S1138-4891(11)70028-0</subfield>
        </datafield>
        <datafield tag="024" ind1="8" ind2=" ">
            <subfield code="2">sideral</subfield>
            <subfield code="a">106750</subfield>
        </datafield>
        <datafield tag="037" ind1=" " ind2=" ">
            <subfield code="a">ART-2011-106750</subfield>
        </datafield>
        <datafield tag="041" ind1=" " ind2=" ">
            <subfield code="a">eng</subfield>
        </datafield>
        <datafield tag="100" ind1=" " ind2=" ">
            <subfield code="0">(orcid)0000-0003-1298-7183</subfield>
            <subfield code="a">Callao Gastón, Susana</subfield>
            <subfield code="u">Universidad de Zaragoza</subfield>
        </datafield>
        <datafield tag="245" ind1=" " ind2=" ">
            <subfield code="a">El impacto de la crisis en la manipulación contable</subfield>
        </datafield>
        <datafield tag="260" ind1=" " ind2=" ">
            <subfield code="c">2011</subfield>
        </datafield>
        <datafield tag="506" ind1="0" ind2=" ">
            <subfield code="a">Access copy available to the general public</subfield>
            <subfield code="f">Unrestricted</subfield>
        </datafield>
        <datafield tag="520" ind1="3" ind2=" ">
            <subfield code="a">Basándonos en los grupos cotizados en el mercado español, el presente trabajo aporta evidencia empírica sobre el impacto de la crisis en las prácticas de earnings management. Utilizamos los ajustes por devengo discrecionales como medida de manipulación. Los resultados obtenidos constatan que la calidad de la información financiera se ve afectada en periodos de crisis, ya que ponen de manifiesto que la manipulación al alza del resultado vía ajustes por devengo discrecionales se ha visto incrementada ante las dificultades económicas y financieras. Esto es debido no a la crisis en sí misma, sino a que la crisis ha reforzado la importancia de algunos incentivos para manipular, como es el endeudamiento.


The study analyses the impact of the crisis on the earnings management by listed companies on Spanish stock market. We use discretionary accruals as a measure of earnings management. The results show that earnings-increasing discretionary accruals have increased during the crisis, confirming that crisis periods affect to financial reporting quality. This is not due to crisis as such, but the crisis has strengthened some incentives to manage earnings, such us the indebtedness.</subfield>
        </datafield>
        <datafield tag="540" ind1=" " ind2=" ">
            <subfield code="9">info:eu-repo/semantics/openAccess</subfield>
            <subfield code="a">by-nc-nd</subfield>
            <subfield code="u">http://creativecommons.org/licenses/by-nc-nd/3.0/es/</subfield>
        </datafield>
        <datafield tag="655" ind1=" " ind2="4">
            <subfield code="a">info:eu-repo/semantics/article</subfield>
            <subfield code="v">info:eu-repo/semantics/publishedVersion</subfield>
        </datafield>
        <datafield tag="700" ind1=" " ind2=" ">
            <subfield code="0">(orcid)0000-0003-0334-192X</subfield>
            <subfield code="a">Jarne Jarne, José Ignacio</subfield>
            <subfield code="u">Universidad de Zaragoza</subfield>
        </datafield>
        <datafield tag="710" ind1="2" ind2=" ">
            <subfield code="1">4002</subfield>
            <subfield code="2">230</subfield>
            <subfield code="a">Universidad de Zaragoza</subfield>
            <subfield code="b">Dpto. Contabilidad y Finanzas</subfield>
            <subfield code="c">Área Economía Finan. y Contab.</subfield>
        </datafield>
        <datafield tag="773" ind1=" " ind2=" ">
            <subfield code="g">14, 2 (2011), 59-85</subfield>
            <subfield code="p">Rev. contab.</subfield>
            <subfield code="t">Revista de contabilidad</subfield>
            <subfield code="x">1138-4891</subfield>
        </datafield>
        <datafield tag="856" ind1="4" ind2=" ">
            <subfield code="s">135719</subfield>
            <subfield code="u">http://zaguan.unizar.es/record/71181/files/texto_completo.pdf</subfield>
            <subfield code="y">Versión publicada</subfield>
        </datafield>
        <datafield tag="856" ind1="4" ind2=" ">
            <subfield code="s">36282</subfield>
            <subfield code="u">http://zaguan.unizar.es/record/71181/files/texto_completo.jpg?subformat=icon</subfield>
            <subfield code="x">icon</subfield>
            <subfield code="y">Versión publicada</subfield>
        </datafield>
        <datafield tag="909" ind1="C" ind2="O">
            <subfield code="o">oai:zaguan.unizar.es:71181</subfield>
            <subfield code="p">articulos</subfield>
            <subfield code="p">driver</subfield>
        </datafield>
        <datafield tag="951" ind1=" " ind2=" ">
            <subfield code="a">2018-08-16-13:57:23</subfield>
        </datafield>
        <datafield tag="980" ind1=" " ind2=" ">
            <subfield code="a">ARTICLE</subfield>
        </datafield>
    </record>

    
</collection>